Solo - Future (Full lyrics) - Statistics

General Stats
  • This quiz has been taken 12 times
  • The average score is 161 of 377
Answer Stats
Answer % Correct
solo
100%
Solo
100%
I
88%
a
63%
do
63%
it
63%
nigga,
63%
nigga
63%
no
63%
now,
63%
now
63%
on
63%
right
63%
wanna
63%
when
63%
you
63%
You
63%
be
50%
been
50%
can't
50%
don't
50%
down,
50%
down
50%
E-everybody
50%
everybody
50%
first
50%
for
50%
going
50%
gon'
50%
I've
50%
let
50%
like
50%
like,
50%
Like
50%
our
50%
time,
50%
too
50%
4
38%
and
38%
bike,
38%
class
38%
enjoyed
38%
flights,
38%
Get
38%
Gucci
38%
ice,
38%
it's
38%
know
38%
life
38%
live
38%
low
38%
my
38%
ride
38%
the
38%
We
38%
we
38%
won't
38%
your
38%
ain't
25%
all
25%
AM
25%
bags,
25%
Bands
25%
bet
25%
better
25%
fuckin'
25%
gas,
25%
Girl,
25%
got
25%
Got
25%
Gotta
25%
keep
25%
love
25%
make
25%
name
25%
never
25%
new
25%
niggas
25%
night,
25%
of
25%
off,
25%
out
25%
pump
25%
put
25%
Rollies
25%
tags,
25%
Take
25%
take
25%
that's
25%
up,
25%
want
25%
whatever
25%
while
25%
yeah,
25%
yeah
25%
advice,
13%
ayy,
13%
ayy
13%
Ayy
13%
before
13%
big,
13%
boat,
13%
bounce,
13%
brag,
13%
brand
13%
count,
13%
discrete,
13%
dope,
13%
fightin',
13%
fit
13%
flex,
13%
Fussin'
13%
God,
13%
hey
13%
hey,
13%
hood,
13%
Jumbo
13%
lake,
13%
made
13%
maids
13%
ounce
13%
Peelin'
13%
plate
13%
quiet,
13%
shrimp,
13%
sight,
13%
Sleeping
13%
smoke,
13%
starch,
13%
steaks,
13%
straight
13%
task,
13%
tight,
13%
track,
13%
Twenty
13%
Wag,
13%
wake
13%
woo,
13%
woo
13%
No matching quizzes found
Score Distribution
Percent of People with Each Score
Percentile by Number Answered
Your Score History
You have not taken this quiz